Music Quiz

Random Music or Artist Quiz

Top 10 Artists Each Year (2000s) Quiz Stats

Quiz Updated Feb 15, 2013

Challenge
Share
Tweet
Embed
Score 0/100 Timer 10:00
0 Plays Today
Year Artist % Correct
2006Beyoncé
81.5%
2004Beyoncé
81.5%
2007Beyoncé
81.5%
2009Beyoncé
81.5%
2003Beyoncé
81.3%
2009Jay-Z
71.1%
2007Rihanna
64.7%
2008Rihanna
64.7%
2002Eminem
64.3%
2006Justin Timberlake
64.3%
2000Destiny's Child
57.7%
2001Destiny's Child
57.7%
2000*NSync
56%
2009Lady Gaga
54.6%
2000Christina Aguilera
52.5%
2000Madonna
52.2%
2005Kanye West
51.1%
2007Kanye West
51.1%
2009Kanye West
51.1%
2008Katy Perry
50.2%
2008T.I.
50.1%
2009T.I.
50.1%
2009Taylor Swift
49.5%
2001Usher
49.5%
2002Usher
49.5%
2004Usher
49.5%
2008Usher
49.5%
2005Mariah Carey
45.2%
2005Kelly Clarkson
42.1%
2005The Black Eyed Peas
41.7%
2009The Black Eyed Peas
41.7%
2001Janet Jackson
41.7%
200350 Cent
39.9%
200550 Cent
39.9%
Year Artist % Correct
2002Nelly
38.2%
2003Nelly
38.2%
2004Nelly
38.2%
2006Nelly
38.2%
2008Chris Brown
36%
2001Pink
35.4%
2008Pink
35.4%
2004Maroon 5
34.9%
2008Lil Wayne
34.4%
2003R. Kelly
29.6%
2001Jennifer Lopez
29.3%
2002Jennifer Lopez
29.3%
2003Jennifer Lopez
29.3%
2005Green Day
28.3%
2001Alicia Keys
28%
2004Alicia Keys
28%
2002Nickelback
27%
2002P. Diddy
25.5%
2003P. Diddy
25.5%
2006Fergie
25.3%
2007Fergie
25.3%
2009Miley Cyrus/Hannah Montana
22.2%
2005Gwen Stefani
21.9%
2006Nelly Furtado
21.7%
2003OutKast
21.1%
2004OutKast
21.1%
2008Flo Rida
21%
2009Flo Rida
21%
2007Timbaland
20.9%
2002Avril Lavigne
19.2%
2007Avril Lavigne
19.2%
2000Faith Hill
16.3%
2006Akon
15.1%
2007Akon
15.1%
Year Artist % Correct
2007T-Pain
15%
2009Jay Sean
14.5%
2003Sean Paul
14%
2006Sean Paul
14%
2000Santana
13.7%
2002Ja Rule
13.4%
2002Ashanti
12.8%
2000Creed
12.2%
2008Leona Lewis
11.9%
2004Ciara
11%
2005Ciara
11%
2001Mary J. Blige
10.6%
2001Shaggy
10%
20003 Doors Down
9.2%
2006James Blunt
8.2%
2006Gnarls Barkley
8%
2001Mya
7.6%
2008Jordin Sparks
7%
2002Fat Joe
6.9%
2006Daniel Powter
6.8%
2007Soulja Boy Tell'em
6.7%
2005The Game
6.7%
2000Sisqo
6.4%
2005Mario
6%
2003Chingy
5.8%
2007Plain White T's
5.7%
2000Savage Garden
5.4%
2004Twista
3.7%
2003Murphy Lee
3.6%
2004Terror Squad
3.5%
2001Blu Cantrell
2.9%
2004Mario Winans
2.6%

You're not logged in!

Compare scores with friends on all Sporcle quizzes.
Sign Up with Email
OR
Log In

You Might Also Like...

Show Comments

Extras

Top Quizzes Today


Score Distribution

Your Account Isn't Verified!

In order to create a playlist on Sporcle, you need to verify the email address you used during registration. Go to your Sporcle Settings to finish the process.